00264nam a2200109Ia 4500008004100000041000800041082001200049100001900061245002300080260003200103300001900135241015s9999 xx 000 0 und d aeng a920 LAV aLavasa, Ashok, aAn ordinary life : bHarper CollinsaNoidac2021 a210;. P. 23 Cm